00330nam a22001217a 4500003000500000005001700005008004100022082001800063100002100081245006600102260003200168300000800200NUST20180425050857.0180425b ||||| |||| 00| 0 eng d a327.47056 KOZ 4Nikolay Kozhanov aRussian policy across the Middle east motivations and methods aRussiabChatham Housec2018 a33p